|
|
|
|
| LEADER |
00000ny a22000003n 4500 |
| 005 |
20110509105613.0 |
| 008 |
080707s2001 sp qr s 000 a0spa c |
| 022 |
|
|
|a 1578-3804
|
| 035 |
|
|
|a 141
|
| 040 |
|
|
|a UMA.RE
|d vlex
|
| 080 |
|
|
|a 34(460)(051)(0.034)
|
| 090 |
|
|
|c 1432
|d 1432
|
| 245 |
0 |
0 |
|a Societas & Lex
|h [Recurso electrn̤ico]
|b revista de la justicia, las finanzas y las nuevas tecnologa̕s
|
| 256 |
|
|
|a Servicio en ln̕ea
|
| 260 |
|
|
|a Madrid :
|b Dykinson
|
| 310 |
|
|
|a Trimestral
|
| 506 |
1 |
|
|a Contenido solo disponible en los productos indicados
|d vLex Global
|d vLex Global (Academic Edition, excluding Law Schools)
|d vLex Global (U.S. Academic Edition, Law Schools)
|d vLex Global (U.S. Academic Edition, excluding Law Schools)
|d vLex Global (Academic Edition, Law Schools)
|
| 650 |
0 |
7 |
|a Derecho de las comunicaciones
|2 Tesauro vLex
|
| 650 |
0 |
7 |
|2 Tesauro vLex
|a Televisin̤
|
| 650 |
0 |
7 |
|2 Tesauro vLex
|a Canales de pago
|
| 740 |
0 |
|
|a vLex Revista (Servicios en ln̕ea)
|
| 780 |
0 |
0 |
|t Ius & law
|
| 853 |
|
|
|8 1
|i (year)
|j (month)
|k (day)
|
| 856 |
4 |
0 |
|u http://premium.vlex.com/permalinks/f141
|z Acceso a travš del servicio vLex.
|
| 942 |
|
|
|c REV
|